Cloud types for observers / (Record no. 10736)
[ view plain ]
| 000 -LEADER | |
|---|---|
| fixed length control field | 00718nam a2200241 a 4500 |
| 001 - CONTROL NUMBER | |
| control field | 10736 |
| 003 - CONTROL NUMBER IDENTIFIER | |
| rucl marc code | BD-RjUL |
| 005 - DATE AND TIME OF LATEST TRANSACTION | |
| control field | 20211208235016.0 |
| 008 - FIXED-LENGTH DATA ELEMENTS--GENERAL INFORMATION | |
| fixed length control field | 140125s1962 enka f000 0 eng d |
| 035 ## - SYSTEM CONTROL NUMBER | |
| System control number | (BD-RjUL)10785 |
| 040 ## - CATALOGING SOURCE | |
| Original cataloging agency | NZOC |
| Language of cataloging | eng |
| Transcribing agency | NZOC |
| Modifying agency | NZOC |
| -- | BD-RjUL |
| 041 ## - LANGUAGE CODE | |
| Language code of text/sound track or separate title | eng |
| 082 04 - DEWEY DECIMAL CLASSIFICATION NUMBER | |
| Classification number | 551.576 |
| Author mark and year | GRC 1962 |
| 110 1# - MAIN ENTRY--CORPORATE NAME | |
| Corporate name or jurisdiction name as entry element | Great Britain. |
| Subordinate unit | Meteorological Office. |
| 9 (RLIN) | 33213 |
| 245 10 - TITLE STATEMENT | |
| Title | Cloud types for observers / |
| Statement of responsibility, etc. | Great Britain Meteorological Office. |
| 260 ## - PUBLICATION, DISTRIBUTION, ETC. (IMPRINT) | |
| Place of publication, distribution, etc. | London : |
| Name of publisher, distributor, etc. | H.M.S.O., |
| Date of publication, distribution, etc. | 1962. |
| 300 ## - PHYSICAL DESCRIPTION | |
| Pagination | 30 p. : |
| Illustrations | ill. ; |
| Size | 25 cm. |
| 490 0# - SERIES STATEMENT | |
| Series statement | Met. O. ; |
| Volume/sequential designation | 716 |
| 650 #0 - SUBJECT ADDED ENTRY--TOPICAL TERM | |
| Topical term or geographic name as entry element | Cloud forecasting. |
| 9 (RLIN) | 33210 |
| Topical term or geographic name as entry element | Clouds. |
| 9 (RLIN) | 33211 |
| Topical term or geographic name as entry element | Meteorology |
| Form subdivision | Observers' manuals. |
| 9 (RLIN) | 33212 |
| 942 ## - ADDED ENTRY ELEMENTS (KOHA) | |
| Source of classification or shelving scheme | Dewey Decimal Classification |
| Koha item type | Books |
| Lost status | Source of classification or shelving scheme | Damaged status | Not for loan | Permanent Location | Current Location | Shelving location | Date acquired | Source of acquisition | Cost, normal purchase price | Total Checkouts | Full call number | Date last seen | Copy number | Koha item type |
|---|---|---|---|---|---|---|---|---|---|---|---|---|---|---|
| Dewey Decimal Classification | Not For Loan | Central Library, University of Rajshahi | Central Library, University of Rajshahi | Reading Room | 24/03/1964 | Zeitlinger | 8.00 | 551.576 GRC 1962 | 25/01/2014 | C-1 | Books |